01383cam a22003135a 45000010009000000050017000090080041000260100017000670200015000840200025000990350024001240400018001480420014001660820019001802450050001992600045002493000052002944900044003465000134003905040064005246500031005886530019006197100023006389420012006619990017006739520130006909520132008209520117009521563120320090813143025.0090219s2009 wauab |rb i001 0 eng  a 2009275780 a0821376071 a9780821376072 (pbk.) a(OCoLC)ocn301347970 aXFFcXFFdDLC alccopycat 222a330.9bECO00aReshaping Economic Geography/cThe World Bank aWashington, D.C. :bWorld Bank, cc2009. axxiii, 383 p. :bcol. ill., col. maps ;c27 cm. aWorld development report ;v2009929252 a " ... a product of the staff of the International Bank for Reconstruction and Development/The World Bank."--Verso of title page. aIncludes bibliographical references (p. 305-329) and index. 0aEconomic geography.912500 bEcocMarch2012 912494aWorld Bank. 2ddccBB c13638d13638 00102ddc40708MERICaMAINbMAINc1STd2010-03-11epurchaseg93.10h10029l0o330.9 ECOp000020160r2025-07-15 00:00:00yBB 00102ddc40708BaccahaMAINbMAINc1STd2012-03-07epurchasel2m1o330.9 ECOp000025919r2025-07-15 00:00:00s2013-08-27yBB 00102ddc40708BaccahaMAINbMAINc1STd2012-04-11epurchasel0o330.9 ECOp000026623r2025-07-15 00:00:00yBB